Catálogo

HISTOLOGIA : (Registro nro. 50540)

Detalles MARC
000 -LEADER
fixed length control field 01148nam a2200217 a 4500
001 - CONTROL NUMBER
control field 50540
005 - DATE AND TIME OF LATEST TRANSACTION
control field 20180714035633.0
008 - FIXED-LENGTH DATA ELEMENTS--GENERAL INFORMATION
fixed length control field 140415s2007 ag 000 0 spa d
020 ## - INTERNATIONAL STANDARD BOOK NUMBER
International Standard Book Number 9789500604352
041 ## - LANGUAGE CODE
Language code of text/sound track or separate title spa
082 ## - DEWEY DECIMAL CLASSIFICATION NUMBER
Classification number 611.0181
Item number ROS
100 1# - MAIN ENTRY--PERSONAL NAME
Personal name Ross, Michael H.
245 10 - TITLE STATEMENT
Title HISTOLOGIA :
Remainder of title TEXTO Y ATLAS COLOR CON BIOLOGIA CELULAR Y MOLECULAR
250 ## - EDITION STATEMENT
Edition statement 5ed.
260 ## - PUBLICATION, DISTRIBUTION, ETC.
Place of publication, distribution, etc. ARGENTINA :
Name of publisher, distributor, etc. MEDICA PANAMERICANA,
Date of publication, distribution, etc. 2007
300 ## - PHYSICAL DESCRIPTION
Extent 974
Dimensions 20.4 x 3.6 x 28
520 ## - SUMMARY, ETC.
Summary, etc. LAS TECNICAS UTILIZADAS POR LOS HISTOLOGOS SON DIVERSAS EN EXTREMO LA MAYOR PARTE DE LOS CONTENIDOS DE UN CURSO DE HISTOLOGIA SE PUDE FORMULAR EN LOS TERMINOS DE LA MICROSCOPIA OPTICA QUE LOS ESTUDIANTES MANEJAN EN LAS PRACTICAS DE LABORATORIO PERO LA INTERPRETACION MAS DETALLADA DE LA MICROANATOMIA SE FUNDAMENTA EN LA MICROSCOPIA ELECTRONICA. ESTA EDICION COMPRENDE ABARCAR DE MANERA GLOBAL LOS TEMAS PARA ESTA NUEVA EDICION SE INCLUYE INFORMACION NUEVA RELACIONADA CON EL CICLO CELULAR
650 14 - SUBJECT ADDED ENTRY--TOPICAL TERM
Topical term or geographic name entry element HISTOLOGIA
740 ## - ADDED ENTRY--UNCONTROLLED RELATED/ANALYTICAL TITLE
Uncontrolled related/analytical title HISTOLOGY: A TEXT AND ATLAS WITH CORRELATED CELLAND MOLECULAR BIOLOGY
700 1# - ADDED ENTRY--PERSONAL NAME
Personal name Pawlina, Wojciech,
Relator term coaut.
Existencias
Withdrawn status Lost status Source of classification or shelving scheme Damaged status Not for loan Collection code Home library Current library Shelving location Date acquired Source of acquisition Inventory number Total Checkouts Total Renewals Full call number Barcode Date last seen Date last checked out Price effective from Koha item type
    Dewey Decimal Classification     General Biblioteca Karol Wojtyla Biblioteca Karol Wojtyla Sala general 03/12/2013 Compra 151000000000000000005170 31 10 611.0181 ROS 75429 05/01/2026 18/03/2025 03/12/2013 Libro
  No inventariado Dewey Decimal Classification   Consulta en sala General Biblioteca Karol Wojtyla Biblioteca Karol Wojtyla Sala general 03/12/2013 Compra       611.0181 ROS 2010 83614 21/01/2015 21/01/2015 07/01/2015 Reserva permanente
    Dewey Decimal Classification     General Biblioteca Karol Wojtyla Biblioteca Karol Wojtyla Sala general 03/12/2013 Compra 151000000000000000005168 40 8 611.0181 ROS 75427 05/01/2026 09/05/2024 26/05/2014 Libro
    Dewey Decimal Classification     General Biblioteca Karol Wojtyla Biblioteca Karol Wojtyla Sala general 03/12/2013 Compra 151000000000000000005169 46 3 611.0181 ROS 75428 05/01/2026 13/03/2025 21/01/2016 Libro
  Extraviado Dewey Decimal Classification   Consulta en sala General Biblioteca Karol Wojtyla Biblioteca Karol Wojtyla Sala general 03/12/2013 Compra       611.0181 ROS 83615 22/01/2015 22/01/2015 03/12/2013 Reserva permanente